Ardeidae + Flamingos - Statistics

General Stats
  • This quiz has been taken 13 times
    11 since last reset
  • The average score is 18 of 30
Answer Stats
Picture Answer % Correct
Grey Heron
100%
American Bittern
78%
Black-Crowned Night Heron
78%
Cattle Egret
78%
Eurasian Spoonbill
78%
Great Blue Heron
78%
Green Heron
78%
Little Egret
78%
Purple Heron
78%
Scarlet Ibis
78%
Black Stork
67%
Glossy Ibis
67%
Roseate Spoonbill
67%
White Stork
67%
Greater Flamingo
56%
Lesser Flamingo
56%
Little Bittern
56%
Marabou Stork
56%
Squacco Heron
56%
Wood Stork
56%
Yellow-Crowned Night Heron
56%
American Flamingo
44%
European Bittern
44%
Goliath Heron
44%
Sacred Ibis
44%
Saddle-Billed Stork
44%
Great White Egret
33%
Jabiru Stork
33%
Australian White Ibis
22%
Reddish Egret
22%
No matching quizzes found
Score Distribution
Percent of People with Each Score
Percentile by Number Answered
Your Score History
You have not taken this quiz since the last reset